« Retourner aux résultats de recherche
dame de fer (La)
| Auteur principal: | Michel Constant |
|---|---|
| D'autres auteurs: | Béa Constant |
| Support: | Livres |
| Langue: | Francais |
| Publié: |
DL 2017 Futuropolis [Paris] |
| Genre: |
Bandes déssinées ADULTE |
| Sujets: | |
| Étiquettes: |
Ajouter
Pas de Tags !
|
| LEADER | 00691nam0a2200193 450 | ||
|---|---|---|---|
| 001 | 16828785 | ||
| 010 | |a 978-2-7548-1635-9 |b rel. |d 15 | ||
| 100 | |a 20170926d2026 u u0frey01 ba | ||
| 101 | 0 | |a fre | |
| 102 | |a FR | ||
| 200 | 0 | |a dame de fer (La) |f récit de Michel et Béa Constant |g dessin de Michel Constant - couleur de Béa Constant | |
| 207 | 1 | |a | |
| 210 | |a [Paris] |c Futuropolis |d DL 2017 | ||
| 215 | |a 1 vol. (71 p.) |c ill. en coul. |d 30 cm | ||
| 700 | 0 | |a Constant |b Michel |f 1963-.... |4 70 | |
| 701 | 0 | |a Constant |b Béa |4 70 | |
| 900 | |a Bandes déssinées ADULTE | ||
| 901 | |a Accessible au prêt | ||
| 995 | |a Bibliothèque |c Bibliothèque |f 024018389 |h 024018389 |k BDA CON |o p |q a |r az |e Bibliothèque | ||
